| 000 | 00440nam a2200181Ia 4500 | ||
|---|---|---|---|
| 003 | LK-CoDNM | ||
| 005 | 20240216131001.0 | ||
| 008 | 010623t1893 xxu||||| |||| 00| 1 sin d | ||
| 040 |
_aLK-CoDNM _dLK-CoDNM _eLK-CoDNM |
||
| 041 | _asin | ||
| 080 |
_a104 _bU 7 |
||
| 100 | _aA,J | ||
| 245 | _aආයාසෝක මාලය | ||
| 246 | _aAayaasooka Maalaya | ||
| 260 |
_bB.J.Prera _aColombo _c1893 |
||
| 300 | _b14p., 20 cm | ||
| 942 | _cBK | ||
| 999 |
_c83765 _d83765 |
||